Annotated bibliography of mungbean yellow mosaic virus
保存先:
| 第一著者: | |
|---|---|
| フォーマット: | 図書 |
| 言語: | Undetermined |
| 出版事項: |
Taiwan
AVRDC
1994
|
| 主題: | |
| タグ: |
タグ追加
タグなし, このレコードへの初めてのタグを付けませんか!
|
| Thư viện lưu trữ: | Trung tâm Học liệu Trường Đại học Cần Thơ |
|---|
| LEADER | 00485nam a2200181Ia 4500 | ||
|---|---|---|---|
| 001 | CTU_13433 | ||
| 008 | 210402s9999 xx 000 0 und d | ||
| 082 | |a 635.923 | ||
| 082 | |b A963 | ||
| 100 | |a AVRDC | ||
| 245 | 0 | |a Annotated bibliography of mungbean yellow mosaic virus | |
| 245 | 0 | |c AVRDC | |
| 260 | |a Taiwan | ||
| 260 | |b AVRDC | ||
| 260 | |c 1994 | ||
| 650 | |a mungbean - diseases and pests | ||
| 904 | |i Minh, 961128 | ||
| 980 | |a Trung tâm Học liệu Trường Đại học Cần Thơ | ||